Monarchs of Liechtenstein 1608- - Statistics

General Stats
  • This quiz has been taken 17 times
  • The average score is 4 of 16
Answer Stats
Rule Answer % Correct
1608-1627 Karl I
85%
1989-present Hans-Adam II
54%
1684-1712 Hans-Adam I
38%
1627-1684 Karl Eusebius
31%
1718-1721 Anton Florian
23%
1929-1938 Franz I
23%
1938-1989 Franz Josef II
23%
1721-1732 Josef Johann Adam
23%
1712-1718 Josef Wenzel I
23%
1781-1805 Aloys I
15%
1836-1858 Aloys II
15%
1772-1781 Franz Josef I
15%
1858-1929 Johann II
15%
1805-1836 Johann I Josef
15%
1732-1748 Johann Mepomuk Karl
15%
1748-1772 Josef Wenzel I (again)
15%
No matching quizzes found
Score Distribution
Percent of People with Each Score
Percentile by Number Answered
Your Score History
You have not taken this quiz